000 01155cam a22003134a 4500
001 13283981
003 NUST - PNEC
005 20170116181048.0
008 030722s2004 maua b 001 0 eng
010 _a 2003059349
020 _a026219502X (hc : alk. paper)
040 _aDLC
_cLIBRARY
_dDLC
_dDLC
042 _apcc
050 0 0 _aTJ211.415
_b.S54 2004
082 0 0 _a629.892 SIE
100 1 _aSiegwart, Roland.
245 1 0 _aIntroduction to autonomous mobile robots /
_cRoland Siegwart and Illah R. Nourbakhsh.
260 _aCambridge, Mass. :
_bMIT Press,
_c2004.
300 _aix, 321 p. :
_bill. ;
_c24 cm.
440 0 _aIntelligent robots and autonomous agents
500 _a"A Bradford book."
504 _aIncludes bibliographical references (p. [305]-315) and index.
650 0 _aMobile robots.
650 0 _aAutonomous robots.
_xME
700 1 _aNourbakhsh, Illah Reza,
_d1970-
906 _a7
_bcbc
_corignew
_d1
_eocip
_f20
_gy-gencatlg
942 _2ddc
_cBK
999 _c68288
_d68288